| Tag |
First Indicator |
Second Indicator |
Subfields |
| LEADER |
00000cam a22000005i 4500 |
| 001 |
in00003725321 |
| 005 |
20210728125315.0 |
| 006 |
m o d |
| 007 |
cr nn 008mamaa |
| 008 |
151014s2011 xxu| o |||| 0|eng d |
| 020 |
|
|
|a 9780230118065
|9 978-0-230-11806-5
|
| 024 |
7 |
|
|a 10.1057/9780230118065
|2 doi
|
| 035 |
|
|
|a (DE-He213)978-0-230-11806-5
|
| 035 |
|
|
|a 5304993
|
| 040 |
|
|
|d UtOrBLW
|
| 072 |
|
7 |
|a EDU016000
|2 bisacsh
|
| 072 |
|
7 |
|a JNB
|2 bicssc
|
| 082 |
0 |
4 |
|a 370.09
|2 23
|
| 090 |
|
|
|a LB2806.15
|b C877 2011
|
| 245 |
0 |
0 |
|a Curriculum Studies in Brazil :
|b Intellectual Histories, Present Circumstances /
|c edited by William F. Pinar.
|
| 264 |
|
1 |
|a New York :
|b Palgrave Macmillan US :
|b Imprint: Palgrave Macmillan,
|c 2011.
|
| 300 |
|
|
|a 1 online resource (254 pages)
|
| 336 |
|
|
|a text
|b txt
|2 rdacontent
|
| 337 |
|
|
|a computer
|b c
|2 rdamedia
|
| 338 |
|
|
|a online resource
|b cr
|2 rdacarrier
|
| 347 |
|
|
|a text file
|b PDF
|2 rda
|
| 490 |
1 |
|
|a International and Development Education
|
| 500 |
|
|
|a Electronic resource.
|
| 520 |
|
|
|a This collection, comprised of chapters focused on the intellectual histories and present circumstances of curriculum studies in Brazil, is Pinar's summary of exchanges (occurring over a two-year period) between the authors and members of an International Panel (scholars working in Finland, South Africa, the United States).
|
| 650 |
1 |
4 |
|a Education.
|
| 650 |
2 |
4 |
|a Curriculum Studies.
|
| 650 |
2 |
4 |
|a Educational Policy and Politics.
|
| 650 |
2 |
4 |
|a History of Education.
|
| 650 |
2 |
4 |
|a International and Comparative Education.
|
| 650 |
|
0 |
|a Comparative education.
|0 http://id.loc.gov/authorities/subjects/sh85029297
|
| 650 |
|
0 |
|a Education and state.
|0 http://id.loc.gov/authorities/subjects/sh85041091
|
| 650 |
|
0 |
|a Education
|x Curricula.
|0 http://id.loc.gov/authorities/subjects/sh85040999
|
| 650 |
|
0 |
|a Education
|x History.
|0 http://id.loc.gov/authorities/subjects/sh85041012
|
| 650 |
|
0 |
|a Education.
|0 http://id.loc.gov/authorities/subjects/sh85040989
|
| 650 |
|
0 |
|a International education.
|0 http://id.loc.gov/authorities/subjects/sh85067399
|
| 650 |
|
0 |
|a ducation and state.
|
| 655 |
|
7 |
|a Electronic books.
|2 local
|
| 700 |
1 |
|
|a Pinar, William F.,
|e editor.
|0 http://id.loc.gov/authorities/names/n81139656
|
| 710 |
2 |
|
|a SpringerLink (Online service)
|0 http://id.loc.gov/authorities/names/no2005046756
|
| 773 |
0 |
|
|t Springer eBooks
|
| 776 |
1 |
8 |
|i Printed edition:
|z 9781349288618
|
| 830 |
|
0 |
|a International & development education.
|0 http://id.loc.gov/authorities/names/no2009143252
|
| 856 |
4 |
0 |
|u http://proxy.library.tamu.edu/login?url=https://dx.doi.org/10.1057/9780230118065
|z Connect to the full text of this electronic book
|t 0
|
| 999 |
f |
f |
|s 2f2a5cc7-5189-358a-be72-fee5013e2490
|i d6043b02-7f11-3074-9abe-9928658f06c3
|t 0
|
| 952 |
f |
f |
|a Texas A&M University
|b College Station
|c Electronic Resources
|d Available Online
|t 0
|e LB2806.15 C877 2011
|h Library of Congress classification
|
| 998 |
f |
f |
|a LB2806.15 C877 2011
|t 0
|l Available Online
|